000 00979nam a2200301 a 4500
001 000005360
003 DO-SdBNP
005 20170524150418.0
007 000005360
008 090819s200u dr a 000 0 spa d
020 _a9993476536
040 _aBPMSU
_bspa
_cBPMSU
092 _a813
_bH564a
100 1 _aHerrada, Judith
245 1 4 _aLas aventuras de Tom Sawyer /
_cMark Twain ; versión Judith Herrada ; ilustraciones José Lovera.
260 _aSanto Domingo :
_bTobogán,
_c[200-].
300 _a80 p. :
_bil. ;
_c23 cm.
490 1 _aClásicos universales Tobogán
500 _aIncluye datos biográficos del autor en la contracubierta
650 _aCUENTOS INFANTILES ESTADOUNIDENSES
650 _aLITERATURA INFANTIL ESTADOUNIDENSE
700 1 2 _aTwain, Mark,
_d1835-1910.
700 1 2 _aLovera, José,
_4il.
830 0 _aClásicos universales Tobogán
942 _2ddc
_cBK
956 _aVMATEO
_b10
_c20150518
_h00151
956 _a Reusar registro
999 _c7887
_d7887